Statistics for First Name & Last Name: Footballers

Click here to take the quiz!

General Stats

  • This quiz has been taken 65 times
  • The average score is 6 of 10

Answer Stats

HintHintAnswer% Correct
CristianoNazárioRonaldo
98%
DanielRodriguezJames
82%
CharlieLallanaAdam
81%
MichaelHargreavesOwen
79%
RobertoValderramaCarlos
70%
WesSchneiderlinMorgan
61%
GarethFergusonBarry
46%
JohnMcDermottTerry
42%
GordonDixonLee
40%
GaryChamberlainNeville
39%

Score Distribution

Percentile by Number Answered

Percent of People with Each Score

Your Score History

You have not taken this quiz